| 000 | 00766nam a2200241 u 4500 | ||
|---|---|---|---|
| 005 | 20240913064619.0 | ||
| 008 | 080918s2005 r 000 0 eng d | ||
| 020 | _a9875381381 | ||
| 035 | _aUPN01000159562 | ||
| 049 | _aCG | ||
| 050 | 4 |
_aHV6626.5 _bG4.8 |
|
| 100 | 1 | _aGiberti, Eva | |
| 245 | 1 | 0 |
_aVulnerabilidad, desvalimiento y maltrato infantil en las organizaciones familiares / _cEva Giberti, Jorge Garaventa, Silvio Lamberti. |
| 260 |
_aBuenos Aires : _bNovedades Educativas, _c2005. |
||
| 300 | _a316 p. | ||
| 440 | 0 | _aFamilia/s | |
| 650 | 4 |
_aAbuso de niños _971 |
|
| 650 | 4 |
_aCRUELDAD CON LOS NIÑOS _911752 |
|
| 650 | 4 |
_aViolencia familiar _95665 |
|
| 700 | 1 |
_aGaraventa, Jorge, _ecoaut. |
|
| 700 | 1 |
_aLamberti, Silvio, _ecoaut. |
|
| 905 | _aLibro | ||
| 999 |
_c131676 _d131676 |
||